MARC

LEADER 00000nam0a2200000 4500
001 176476
005 20231031165319.0
035 |a (RuTPU)RU\TPU\book\191318 
090 |a 176476 
100 |a 20100301d1958 k y0rusy50 ca 
101 0 |a rus 
102 |a RU 
105 |a a z 001zy 
200 1 |a Сборник научно-исследовательских работ кафедр общественных наук  |f Томский политехнический институт (ТПИ) ; под ред. И. Т. Белимова 
210 |a Томск  |c Типография "Красное Знамя"  |d 1958 
215 |a 299 с.  |c табл. 
320 |a Библиогр. в примеч. 
606 1 |a Научно-исследовательская работа  |2 stltpush  |3 (RuTPU)RU\TPU\subj\45140 
610 1 |a общественные науки 
610 1 |a кафедры 
610 1 |a НИР 
610 1 |a малые общества 
610 1 |a железнодорожный транспорт 
610 1 |a Томская губерния 
610 1 |a крестьянское движение 
610 1 |a промышленность 
610 1 |a столыпинская аграрная реформа 
610 1 |a Сибирь 
610 1 |a социально-экономическое развитие 
610 1 |a Дальний Восток 
610 1 |a сельское хозяйство 
610 1 |a лесопромышленный комплекс 
610 1 |a коллекция ТПУ 
675 |a 3  |v 3 
686 |a Ч215  |2 rubbk 
702 1 |a Белимов  |b И. Т.  |4 340 
712 0 2 |a Томский политехнический институт (ТПИ)  |c (1944-1991)  |2 stltpush  |3 (RuTPU)RU\TPU\col\1123 
801 1 |a RU  |b 63413507  |c 20100301 
801 2 |a RU  |b 63413507  |c 20200218  |g RCR 
942 |c BK